000 01069naa a22002777a 4500
001 BR9103881
003 BR-BrBNA
005 20250721155414.0
007 ta
008 250630b bl.|||m| |||| 00| 0 por d
040 _aBR-BrBNA
_bpor
_cBiblioteca Nacional de Agricultura
041 _a(Pt)
072 _aQ04; U10
_b2120
_b9910
090 _aQ04 BR9103881
100 1 _aTeixeira, A.A.
111 1 _a10. Conferencia Internacional de Biometria
_cGuaruja, SP (Brazil)
_d6-10 Aug 1979
245 1 _aTestes de degustacao de cafe
500 _aAnais da 10. Conferencia Internacional de Biometria Brasilia, DF (Brasil): 1982. p. 45-49 [9 ref.] (BR9103881-AMS)
773 0 _tAnais da 10. Conferencia Internacional de Biometria
_wQ04 BR9103881
_gBrasilia, DF (Brasil), 1982. p. 45-49
650 _aCAFE
650 _aANALISE ORGANOLEPTICA
650 _aANALISE ESTATISTICA
490 _aDocumentos - Empresa Brasileira de Pesquisa Agropecuaria. Depto. de Informacao e Documentacao (Brazil)
_vNo. 22
942 _cAMS
_2AGRIS
909 _a202506
_bLúcia
_c55
_dLúcia Elande
999 _c336314
_d336314